Find the Countries of Europe in Italian Quiz Stats

 Plays Quiz Updated Mar 30, 2020

Support Sporcle.
Go Orange.
Score 0/47 Timer 08:00
5 Plays Today
% Correct
la Russia
92%
l'Italia
91.9%
la Francia
91.5%
il Portogallo
91.1%
la Germania
91%
l'Irlanda
91%
la Spagna
90.7%
la Grecia
90.4%
la Polonia
88.6%
la Turchia
88.5%
la Norvegia
88.4%
la Finlandia
87.4%
il Regno Unito
87.2%
l'Ucraina
86.7%
il Belgio
86.2%
la Danimarca
85.8%
la Svizzera
84.8%
Cipro
84%
l'Austria
83.8%
l'Islanda
82.9%
Andorra
82.5%
la Malta
82%
la Romania
81.8%
la Bielorussia
81.7%
% Correct
la
Croazia
81.3%
l'Estonia
80.5%
la Cechia
80.2%
Città del Vaticano
80.1%
Monaco
79.5%
il Lussemburgo
79.3%
la Lituania
77.4%
la Bosnia ed Erzegovina
76.5%
la Bulgaria
75.9%
l'Albania
75.9%
la Slovacchia
75.6%
San Marino
75.3%
la Moldavia
75%
l'Ungheria
74.9%
i Paesi Bassi
74.3%
il Kosovo
74.2%
la
Slovenia
73.6%
la Lettonia
72.6%
la Macedonia del Nord
72.3%
la
Serbia
71.8%
il Montenegro
71.7%
il Liechtenstein
71.3%
la Svezia
70.3%

From the Vault

Sunday Crossword: Four-Letter World Cities

by Zipcity

We're not going to visit cities with shorter names.
Remove Ads.
Support Sporcle.
Get the best of Sporcle when you Go Orange. This ad-free experience offers more features, more stats, and more fun while also helping to support Sporcle. Thank you for becoming a member.

Show Comments

Extras

Top Quizzes Today


Score Distribution

Your Account Isn't Verified!

In order to create a playlist on Sporcle, you need to verify the email address you used during registration. Go to your Sporcle Settings to finish the process.

Report this User

Report this user for behavior that violates our Community Guidelines.

Details: